00353nam a2200133Ia 4500008004100000020001500041041000800056082001900064100001700083245007100100250000700171260003300178300000800211210716s2004 xx 000 0 und d a0761932747 aeng a306.30954 MAIA aMaira, Arun. aRemaking India: one country one destiny.bOne country one destiny. a12 aLondonbResponse Booksc2004 a240